| 000 | 00368nam a2200157Ia 4500 | ||
|---|---|---|---|
| 008 | 221030s9999 xx 000 0 und d | ||
| 020 | _a8170297982 | ||
| 041 | _aEnglish | ||
| 082 |
_a105.23 _bBPB |
||
| 100 | _aBPB | ||
| 245 | 0 |
_aTower`s International Transistor Selctor _cby BPB |
|
| 260 |
_bBPB Pub _aNew Delhi _c2002 |
||
| 300 | _a476 | ||
| 650 | _aECE | ||
| 942 | _cBK | ||
| 999 |
_c708 _d708 |
||